Statistiken für Länder Amerikas - anhand der ersten beiden Buchstaben in 45 Sekunden

Klicken Sie hier um das Quiz zu spielen!

Allgemein

  • Dieses Quiz wurde 2.967 mal gespielt
    (2.966 seit der letzten Aktualisierung)
  • Das Durchschnittsergebnis liegt bei 19 aus 35

Antwortstatistiken

Länder% Korrekt
Ka
84%
Ve
83%
Ve
83%
Br
76%
Pa
72%
Pa
72%
Ar
71%
Me
71%
Ch
62%
Gu
61%
Gu
61%
Ko
59%
Pe
57%
Ur
56%
Bo
54%
Ba
51%
Ba
51%
Ho
50%
St
49%
St
49%
St
49%
Co
48%
Ku
48%
Ni
47%
Ha
45%
Be
44%
Do
44%
Do
44%
Ec
43%
An
40%
El
40%
Ja
40%
Su
39%
Gr
30%
Tr
30%

Verteilung der Resultate

Perzentil nach korrekt beantworteten Fragen

Anzahl Personen mit jedem Resultat

Ihre Resultats-Entwicklung

Sie haben dieses Quiz seit der letzten Aktualisierung nicht gespielt